| 000 | 01057pam a2200289 a 4500 | ||
|---|---|---|---|
| 001 | 3087290 | ||
| 003 | OSt | ||
| 005 | 20250819121155.0 | ||
| 008 | 980218s1999 caua b 001 0 eng | ||
| 010 | _a 98013617 | ||
| 020 | _a1559349557 | ||
| 040 |
_aDLC _cDLC _dDLC |
||
| 050 | 0 | 0 |
_aBC61 _b.L28 1999 |
| 082 | 0 | 0 |
_a160 _221 |
| 100 | 1 |
_aLayman, C. Stephen _q(Charles Stephen), _d1950- |
|
| 245 | 1 | 4 |
_aThe power of logic / _cC. Stephen Layman. |
| 260 |
_aMountain View, Calif. : _bMayfield Pub., _cc1999. |
||
| 300 |
_aix, 566 p. : _bill. ; _c24 cm. |
||
| 504 | _aIncludes bibliographical references and index. | ||
| 650 | 0 | _aLogic. | |
| 856 | 4 | 2 |
_3Publisher description _uhttp://www.loc.gov/catdir/description/mh024/98013617.html |
| 856 | 4 | 1 |
_3Table of contents _uhttp://www.loc.gov/catdir/toc/mh023/98013617.html |
| 906 |
_a7 _bcbc _corignew _d1 _eocip _f19 _gy-gencatlg |
||
| 942 |
_2lcc _cBK _n0 |
||
| 999 |
_c7292 _d7292 |
||